Traité des superstitions qui regardent les sacremens, selon l'Ecriture Sainte, les decrets des conciles, et les sentimens des saints peres, et des theologiens

Detalles Bibliográficos
Autor principal: Thiers, Jean-Baptiste 1636-1703
Formato: Libro
Lenguaje:French
Publicado: a Paris 1745
Edición:Cinquieme edition, revue, corrigée et augmentée
Materias:
Colección:Banco de datos
Acervo:Biblioteca de la Congregación del Oratorio de San Felipe Neri de México. Iglesia La Profesa
Descripción Física:12 t. 8°
Tema general:Teología moral
Notas:Portada tipográfica con viñeta y pleca en grabado xilográfico. Texto a renglón seguido con notas a pie de página. Incluyen cabeceras de título en grabado xilográfico. Incluyen capitulares floreadas en grabado xilográfico. Cada tomo con portada y numeración propias. Año de los t. 1-3 publicados en 1745. Paginación: t. 1 [15] h., 532 p.; t. 2 [16] h., 530 p.; t. 3 [10] h., 467 p. Encuadernación en piel sobre cartón (7919-7921). Sello en tinta del Oratorio de San Felipe Neri de México. Biblioteca La Profesa, D.F. (7919-7921). Daños de humedad y en la encuadernación (7919-7921)
LEADER 01438nam a22001930004500
035 |a 3619 
041 0 |a fre 
100 1 |a Thiers, Jean-Baptiste  |d 1636-1703 
245 1 0 |a Traité des superstitions qui regardent les sacremens, selon l'Ecriture Sainte, les decrets des conciles, et les sentimens des saints peres, et des theologiens  |c par M. Jean-Baptiste Thiers, Docteur en theologie, et curé de Vibraie 
250 |a Cinquieme edition, revue, corrigée et augmentée 
260 |a a Paris  |b chez David, fils  |c 1745 
300 |a 12 t.  |c 8° 
500 |a Portada tipográfica con viñeta y pleca en grabado xilográfico. Texto a renglón seguido con notas a pie de página. Incluyen cabeceras de título en grabado xilográfico. Incluyen capitulares floreadas en grabado xilográfico. Cada tomo con portada y numeración propias. Año de los t. 1-3 publicados en 1745. Paginación: t. 1 [15] h., 532 p.; t. 2 [16] h., 530 p.; t. 3 [10] h., 467 p. Encuadernación en piel sobre cartón (7919-7921). Sello en tinta del Oratorio de San Felipe Neri de México. Biblioteca La Profesa, D.F. (7919-7921). Daños de humedad y en la encuadernación (7919-7921) 
504 |a Índice de capítulos 
650 1 0 |a Teología moral 
949 |a Iglesia La Profesa, Biblioteca t. 1 (7919); t. 2 (7920); t. 3 (7921) 
942 |c PROFESA 
943 |g Biblioteca de la Congregación del Oratorio de San Felipe Neri de México. Iglesia La Profesa 
999 |c 950430  |d 950430